000 00579nam a22001817a 4500
005 20250414101439.0
008 250414b |||||||| |||| 00| 0 eng d
040 _aKMU
_cKMU
_dKMU
_erda
110 _aGovernment-
_bZambia Statistics Agency(ZSA)
245 _aZambia 2018 Demographic and Health Survey:
_bSummary report/
_cZambia Statistics Agency(ZSA)
260 _aLusaka:
_bZambia Statistics Agency(ZSA),
_c2018.
300 _a17 p.:
_bill.;
_c27cm.
500 _aInclude indicators
610 _aDemography
610 _aHealth Survey
610 _aStatistics
942 _cREF
_n0
999 _c1790
_d1790